000 00739nam a2200217Ii 4500
003 JO-AjNU
008 230605s9999||||xx |||||||||||||| ||und||
017 _a2009/9/4175
040 _aJO-AjNU
_bara
_erda
_cJO-AjNU
041 _aara
050 1 4 _aLC3965.Y3352 2010
100 3 _aيحيى،خولة أحمد مؤلف/عبدالله،أيمن يحيى م.مشارك,
_eauthor
_927991
245 0 0 _aالتربية الخاصة وأطفال مرضى السرطان
250 _aط1
264 3 1 _aعمان:دار المسيرة،2010
300 _a288ص
336 _atext
_btxt
_2rdacontent
337 _aunmediated
_bn
_2rdamedia
338 _avolume
_bnc
_2rdacarrier
650 4 _a الأطفال المعوقون-تعليم
_927992
999 _aA10802
_c14370
_d14370